| 000 | 00745nam a2200241 i 4500 | ||
|---|---|---|---|
| 001 | 186406 | ||
| 003 | SpMaBN | ||
| 005 | 20250930063159.0 | ||
| 008 | 161107s1948 sp |||| | spa d | ||
| 080 | _a379.8 | ||
| 100 | 1 |
_aClarasó, Noel, _d1899-1985 _939003 |
|
| 245 | 1 | 3 |
_aEl arte de perder el tiempo / _cpor Noel Clarasó. |
| 250 | _a2ª ed., 1ª en "Manantial que no cesa". | ||
| 260 |
_aBarcelona : _bJosé Janés, _c1948. |
||
| 300 |
_a340 p. ; _c17 cm. |
||
| 490 | 1 | _aManantial que no cesa | |
| 650 | 0 | 4 |
_aOcio. _915680 |
| 650 | 0 | 4 |
_aEmpleo del tiempo. _912205 |
| 650 | 0 | 7 |
_aTiempo libre _2embne _917533 |
| 830 | 0 |
_aManantial que no cesa _9181138 |
|
| 852 |
_aES-MaACL _jL-30774 _z- enc. tela |
||
| 999 |
_c186406 _d186406 |
||